MDQL
is popping MORE tags! Check the
thread
!
Quizzes
Events
Quiz Creation
Community
Videos
Private Events
Remove Ads
Sign In
Join for FREE
Feedback
Dark Mode
Quiz Categories
Sports
Geography
Music
Movies
Television
Just For Fun
Miscellaneous
History
Literature
Language
Science
Gaming
Entertainment
Religion
Holiday
For Kids
Quiz Lab
Recent
Popular Today
Quiz Kudos Today
Editor Picks
Curator Picks
Quizzes by...
Day
Popularity
Type
Ratings
Length
Year
Community
Subscriptions
Recent Discussions
Orange Saloon
Badges
Playlists
Quests
Create
Leaderboards
Showdown
Live 5
Trivia Bingo
Activity
Puzzle Library
Sporcle Events
Private Events
Virtual Trivia
Globe League
Become a Host
Pub Owners
SporcleCon
Opinionation
Our Games
Videos
Blog
Mobile Apps
Partnerships
Remove Ads and Go Orange
Feedback
Television
TV Characters
TV Show
Sitcom
Network
Friends
Reality Shows
Cast
South Park
Star Trek
The Simpsons
Doctor Who
Television
TV Characters
TV Show
Sitcom
Network
Friends
Reality Shows
Cast
South Park
Star Trek
The Simpsons
Doctor Who
Random Quiz
Search Sporcle
×
Quiz Lab
Quiz Lab
Television
Anime
Type in answers that appear in a list
Type in answers that appear in a list
Classic
Best Score? Go Orange.
FLCL Characters Stats
Can you name the characters from FLCL?
By
penguin57162
5m
10 Questions
119 Plays
119 Plays
119 Plays
Comments
Comments
Give Quiz Kudos
Give Quiz Kudos
-
- Ratings
hide this ad
Replay
Link that replays current quiz
Next Quiz
Link to next quiz in quiz playlist
You Got
0%
They Got
Avg Score
72%
Avg Friend Score
Upgrade to see
Score Distribution
Jump to the score distribution portion of the page
Score
0/10
Timer
05:00
0
Plays Today
Character Description
Character
% Correct
Main Character
Nandaba Naota
95.7%
Alien Ex Galactic Space Patrol Officer
Haruhara Haruko
94%
Ex-
Girlfriend of Main Character's Brother
Samejima Mamimi
93.2%
Medical Mechanica Robot
Canti
82.9%
Pirate King
Atomsk
75.2%
Female Classmate of Main Character, Daughter of the Mayor of Mabase
Ninamori Eri
72.6%
Main Character's Brother
Nandaba Tasuku
59%
Commander of the Department of Interstellar Immigration
Commander Amarao
56.4%
Father of Main Character
Nandaba Kamon
53.8%
Lieutenant of the Commander of the Department of Interstellar Immigration
Lieutenant Kitsurubami
37.6%
Quiz Playlist
Details
Report
Send in Message
Add To Playlist
Classic:
Type in answers that appear in a list
Quiz Source
Last Updated: Jun 28, 2022
Quiz Scoreboard
CHALLENGE
Sign Up to Join the Scoreboard
Show All
Scores
Hide
Comments
May contain spoilers
Recently Published
Image Sorting: Flags VI
by Barbecue
Geography
2m
Find the 'City' Movie
by crazypaving
Movies
60s
Colored Red Africa Blitz
by spor1
Geography
45s
More to Explore
Quiz From the Vault
Featured Blog Post
14 Easter Pick-up Lines to Find Eggs With
hide this ad
You Might Also Like...
Tags
Anime Quiz
Anime Characters
Anime Series
Today's Top Quizzes in Television
Browse Television
hide this ad
Today's Top Quizzes in Anime
Browse Anime
Top Contributed Quizzes in Television
1
Survivor Journey Challenge
2
Brooklyn Nine Nine Logic Puzzle (How-To-Play)
3
Total Drama Characters
4
Adjectives in 00s TV Shows
5
Phoebe Buffay Quotes
6
Survivor Heroes vs. Villains Logic Puzzle
7
Survivor Trivia
8
Emmerdale Characters (from August 2012)
9
Game of Thrones: Tywin Lannister Start to Finish
10
Survivor Logic Puzzle: Heroes vs. Villains
Explore More
Trending Topics
Crossword
Harry Potter
Kpop
NBA
Disney
Anime
Marvel
Country
Soccer
WWE
Puzzle
The Office
NFL
Pokémon
Song
hide this ad
More By:
penguin57162
Quiz
Plays
Rating
Category
Featured
Created
Crusader Kings 2 De Jure Territories
1,674
5.00
Gaming
Apr 2, 2013
The Ultimate Latin Grammar Quiz
1,076
4.50
Language
Jul 1, 2010
Latin Verbs
874
4.33
Language
Jul 1, 2010
Dragons: Color Coded for Your Convenience
849
5.00
Gaming
Oct 22, 2016
Napoleon Total War Factions
394
Gaming
Jun 25, 2010
Go to Creator's Profile
Score Distribution
Quiz Creator Spotlight
penguin57162
Follow
Send a Message
Quizzes Created
-
Created Quiz Play Count
-
More By This Creator
Popular Quizzes Today
1
Colored Red Africa Blitz
2
Find the US States - No Outlines Minefield
3
Find the 'City' Movie
4
5x2 Blitz: Bands
5
The Countries of the World
6
Find the US States
7
Find the Countries of Europe - No Outlines Minefield
8
US States
More Television Quizzes
2016 Golden Globes Television Nominees
Editor's Pick
Trending Quizzes
Colored Red Europe Blitz I
Colored Red Europe Blitz II
Colored Red Africa Blitz II
Colored Red Europe Blitz III
Colored Red Africa Blitz III
Recently Updated
How Do You Spell That?
pecheneg
Godzilla Movies
pecheneg
Grab Bag: 4-10 Letters
pecheneg
2024 March Madness Bracket
pecheneg
Famous TV Couples
Peacemaker
Champions League XIs: Real Madrid
pecheneg
Largest US Cities 1790-2010
pecheneg
Rides in Walt Disney World
pecheneg
Most Oscar Losses (Acting)
pecheneg
Beyoncé Albums
pecheneg
Trending Topics
NBA
Crossword
Kpop
Marvel
Anime
Disney
Harry Potter
WWE
NFL
Soccer
Pokémon
Country
Song
The Office
Puzzle
Your Account Isn't Verified!
In order to create a playlist on Sporcle, you need to verify the email address you used during registration. Go to your
Sporcle Settings
to finish the process.
Report this User
Report this user for behavior that violates our
Community Guidelines
.
Details:
Send Report
Go to the Sporcle.com Mobile Site →
Comments